| 000 | 00693nam a22002417a 4500 | ||
|---|---|---|---|
| 003 | OSt | ||
| 005 | 20220107122900.0 | ||
| 008 | 210427b xxu||||| |||| 00| 0 eng d | ||
| 020 | _a9789811517082 | ||
| 040 | _cKUDSIT | ||
| 082 | _a006.31 THO/M;1 | ||
| 100 |
_aThomas, Tony _918542 |
||
| 245 | _aMachine learning approaches in cyber security analytics | ||
| 260 |
_aSingapore, _bSpringer, _c2020. |
||
| 300 | _axi, 209p. | ||
| 650 |
_aCOMPUTER SCIENCE _918543 |
||
| 650 |
_aMACHINE LEARNING _918544 |
||
| 650 |
_aCYBER SECURITY _918545 |
||
| 650 |
_aCYBER SECURITY ANALYTICS _918546 |
||
| 700 |
_aVijayaraghavan, Athira P. _918547 |
||
| 700 |
_aEmmanuel, Sabu. _918548 |
||
| 942 |
_2ddc _cBK |
||
| 999 |
_c6835 _d6835 |
||